| 000 | 01142nam a2200289Ia 4500 | ||
|---|---|---|---|
| 999 |
_c5546 _d5546 |
||
| 003 | OSt | ||
| 005 | 20200626181041.0 | ||
| 008 | 191128s1960 sp ad gr 001 0dspa d | ||
| 040 |
_aCO-JMCR _cCO-JMCR |
||
| 041 |
_aspa _heng |
||
| 082 | 0 | 4 |
_a330.157 / _bZ287t _223 |
| 100 | 1 |
_aZeuthen, F., _eautor _96277 |
|
| 245 | 1 | 0 |
_aTeoría y método en economía / _cF. Zeuthen ; traducción del inglés y prólogo de Pedro Mayor Mayor |
| 260 |
_aMadrid : _bAguilar, _c1960. |
||
| 300 |
_a432 páginas : _bgráficos a blanco y negro ; _c21 cm. |
||
| 490 | 0 | _aBiblioteca de ciencias sociales. Sección primera: economía | |
| 500 | _aIncluye índice alfabético de autores y materias. | ||
| 504 | _aBibliografía: páginas 413-417. | ||
| 505 | 0 | _aMétodo y teorías -- La vida económica -- Dinámica -- Formas de mercado y estructura de la sociedad | |
| 534 | _pEconomic theory and metod | ||
| 546 | _aTraducido del inglés | ||
| 650 | 1 | 4 |
_aTeoría económica _96278 |
| 650 | 2 | 4 |
_aModelos econométricos _95178 |
| 650 | 2 | 4 |
_aEconomía _xMetodología en economía _96279 |
| 700 | 1 |
_aMayor Mayor, Pedro, _etraductor _96280 |
|
| 942 |
_2ddc _cBK |
||